| 000 | 00359nam a2200145Ia 4500 | ||
|---|---|---|---|
| 008 | 230917s9999||||xx |||||||||||||| ||und|| | ||
| 040 |
_e49938 _aMAIN |
||
| 041 | _aEnglish | ||
| 082 | _a181.4 S79I | ||
| 100 | _aSastri, P S | ||
| 245 | 0 | _aIndian idealism: epistemology & ontology, v2 | |
| 260 |
_aDelhi _bBharatiya _c1976 |
||
| 300 | _a576 p. | ||
| 942 | _cBK | ||
| 999 |
_c182031 _d182031 |
||